| 000 | 00629nam a2200217Ia 4500 | ||
|---|---|---|---|
| 005 | 20250508165459.0 | ||
| 008 | 008 250505s9999 xx 000 0 eng d | ||
| 020 | _a978-0-415-59777-7 | ||
| 037 | _aTextual | ||
| 040 |
_aFEDL _beng _cFEDL |
||
| 041 |
_aeng _2eng |
||
| 084 |
_a172, PFO _qFEDL |
||
| 100 |
_aPfostl Eva Ed. _9600012 |
||
| 245 | 0 | _aBetween ethics and politics: Gandhi today | |
| 260 |
_aNew Delhi, India _bRoutledge _c2014 |
||
| 300 | _axii, 184p. | ||
| 365 |
_aINR _b595 |
||
| 490 | _aEthics, Human Rights and Global Political Thought | ||
| 942 |
_cTEXL _h172, PFO |
||
| 999 |
_c1395354 _d1395354 |
||